| 000 | 00704nam a2200241Ia 4500 | ||
|---|---|---|---|
| 003 | OSt | ||
| 005 | 20221006152727.0 | ||
| 006 | a|||||r|||| 00| 0 | ||
| 007 | ta | ||
| 008 | 221006b |||||||| |||| 00| 0 hin d | ||
| 020 | _c1000/- | ||
| 024 | _a29,408 | ||
| 037 |
_b156, 25/01/2005, _cTextual |
||
| 040 |
_aEASL _cEASL _bhin |
||
| 041 |
_2hin _ahin |
||
| 082 | _aV41:192.P4, P5 | ||
| 100 |
_aDEEPAK B R _9606244 |
||
| 245 | 0 |
_aIndia and China 1904-2004 _b A centuary of peace and conflict |
|
| 260 |
_aNew Delhi _bManak Publications India _c2005 |
||
| 300 |
_a508p. _ccm. |
||
| 942 |
_hV41:192.P4, P5 _cTEXL _2CC |
||
| 999 |
_c1097494 _d1097494 |
||